EToH Towers by Acronym - Statistics

General Stats
  • This quiz has been taken 12 times
  • The average score is 142 of 409
Answer Stats
Hint Answer % Correct
ToB Tower of Buttons
100%
ToDD Tower of Deep Darkness
100%
ToKY Tower of Keyboard Yeeting
100%
ToR Tower of Rage
100%
ToS Tower of Stress
100%
ToTS Tower of True Skill
100%
CoLS Citadel of Laptop Splitting
90%
CoP Citadel of Peril
90%
CoV Citadel of Victory
90%
ToA Tower of Anger
90%
ToDC Tower of Difficulty Chart
90%
ToFaF Tower of Falling and Failing
90%
ToH Tower of Hecc
90%
ToIG Tower of Infinity Gauntlet
90%
ToK Tower of Killjoys
90%
ToM Tower of Madness
90%
ToSP Tower of Screen Punching
90%
ToAST Tower of A Simple Time
80%
ToC Tower of Confusion
80%
ToDAN Tower of Dancing All Night
80%
ToG Tower of Genesis
80%
ToIE Tower of Impossible Expectations
80%
ToI Tower of Inception
80%
ToKTS Tower of Keys To Success
80%
ToMB Tower of Mind Breaking
80%
ToME Tower of Motion Evolution
80%
ToO Tower of Oblivion
80%
ToPS Tower of Phone Snapping
80%
ToT Tower of Traps
80%
CoHaD Citadel of Heights and Depths
70%
CoWS Citadel of Wacky Strategy
70%
CoWN Citadel of Weird Nostalgia
70%
SoC Steeple of Climbing
70%
SoHP Steeple of Huge Pain
70%
SoLW Steeple of Low Woe
70%
SoMD Steeple of Meaningless Decisions
70%
SoP Steeple of Pursuit
70%
ToAM Tower of Augmented Misery
70%
ToBH Tower of Big Hole
70%
ToBK Tower of Bloodthirsty Kenos
70%
ToCH Tower of Cold Hands
70%
ToCP Tower of Cruel Punishment
70%
ToER Tower of Elongated Runs
70%
ToES Tower of Eternal Suffering
70%
ToFN Tower of Frightening Nightmares
70%
ToJGF Tower of Jolly Good Fun
70%
ToNS Tower of Nervous Sweating
70%
ToOH Tower of Overcoming Hatred
70%
ToTUTU Tower of The Umbrella, The User
70%
ToUH Tower of Unsettling Heights
70%
SoBJ Steeple of Beginner's Journey
60%
SoBA Steeple of Buoyant Automations
60%
SoN Steeple of Nightfall
60%
SoO Steeple of Overgrowth
60%
SoRIS Steeple of Resort In Stasis
60%
SoUR Steeple of Uninstalling Roblox
60%
ToAR Tower of Alien Radiance
60%
ToCR Tower of Champion's Road
60%
ToDE Tower of Dangerous Expeditions
60%
ToDS Tower of Deep Sighing
60%
ToDIE Tower of Descent Into Exile
60%
ToDT Tower of Double Trouble
60%
ToEH Tower of Extreme Hell
60%
ToGF Tower of Generation Failure
60%
ToGG Tower of Getting Gnomed
60%
ToIM Tower of Impossible Movement
60%
ToLL Tower of Leaning Ledges
60%
ToL Tower of Linonophobia
60%
ToN Tower of Niflheim
60%
ToNI Tower of Noticeable Infuriation
60%
ToP Tower of Peace
60%
ToPZ Tower of Polychromatic Zero
60%
ToSD Tower of Shattered Dreams
60%
ToSRT Tower of Speeding Right Through
60%
ToTF Tower of Table Flipping
60%
ToTL Tower of Thinning Layers
60%
ToTJ Tower of Triple Jeopardy
60%
ToWF Tower of Wicked Fortress
60%
ToZ Tower of Zespluz
60%
CoGS Citadel of Green Stuff
50%
CoL Citadel of Lethargy
50%
CoU Citadel of Uneasiness
50%
SoDS Steeple of Devil's Snare
50%
SoGC Steeple of Golf Course
50%
SoIF Steeple of Infectious Foliage
50%
SoOA Steeple of Overgrown Ascension
50%
SoWP Steeple of Wall Punching
50%
SoZZP Steeple of Zip Zap Pop!
50%
ToAT Tower of Ancient Trickery
50%
ToBM Tower of Boost Mayhem
50%
ToCN Tower of Corrupted Nightmares
50%
ToCD Tower of Critical Damage
50%
ToCA Tower of Curved Ascent
50%
ToD Tower of Despair
50%
ToDaD Tower of Dust and Decay
50%
ToE Tower of Elysium
50%
ToEMP Tower of Empty Meaningless Patterns
50%
ToF Tower of Fatness
50%
ToFT Tower of Funny Thoughts
50%
ToHF Tower of Holy Flip
50%
ToHH Tower of Hopeless Hell
50%
ToIB Tower of Icy Blizzards
50%
ToII Tower of Immense Ire
50%
ToIF Tower of Inevitable Failure
50%
ToIC Tower of Inverted Colors
50%
ToJE Tower of Journey's End
50%
ToKP Tower of Kinetic Potential
50%
ToLD Tower of Lotsa Damage
50%
ToNSA Tower of No Strings Attached
50%
ToSI Tower of Slight Inconvenience
50%
ToSH Tower of Spiralling Heights
50%
ToSO Tower of Suffering Outside
50%
ToTEM Tower of Tallying Every Mistake
50%
ToTHT Tower of Tee Hee Time
50%
ToTM Tower of Terrible Mondays
50%
ToTINT Tower of There Is No Tower
50%
ToTH Tower of Tokyo Heights
50%
ToTC Tower of Triangular Covering
50%
ToU Tower of Ultraviolet
50%
ToVP Tower of Various Pressures
50%
ToV Tower of Versatility
50%
ToVS Tower of Vivid Sections
50%
ToWH Tower of Wall Hugging
50%
ToWWW Tower of Wildly Wacky Wonders
50%
ToWER Tower of Winning Every Run
50%
CoIS Citadel of Inside Situations
40%
CoQ Citadel of Quadrilaterals
40%
CoSR Citadel of Scythe Recognition
40%
CoT Citadel of Treachery
40%
SoFW Steeple of Flourishing Wastelands
40%
SoGP Steeple of Greenhouse Placidity
40%
SoMB Steeple of Malignant Blight
40%
SoMA Steeple of Midnight Acropolis
40%
SoTP Steeple of Towering Pillars
40%
SoVV Steeple of Various Vivariums
40%
ToAI Tower of Ancestral Interference
40%
ToAE Tower of Astral Eclipse
40%
ToAF Tower of Astral Fusion
40%
ToAAA Tower of Astronomically Aimless Annoyances
40%
ToAD Tower of Atlantic Depths
40%
ToBBB Tower of Beat Block Berserk
40%
ToBT Tower of Bent Trauma
40%
ToBP Tower of Blast Power
40%
ToEI Tower of Externalizing Insanity
40%
ToFJ Tower of Friendly Jumps
40%
ToFaCT Tower of Frightening and Confusing Trials
40%
ToGaH Tower of Glitching and Healing
40%
ToHA Tower of High Adrenaline
40%
ToIS Tower of Increasing Stress
40%
ToNoS Tower of Nerves of Steel
40%
ToOD Tower of Overestimating Difficulty
40%
ToPB Tower of Panelling Barricades
40%
ToPP Tower of Pastel Pillars
40%
ToPHaT Tower of Peaceful Happiness and Tranquility
40%
ToPA Tower of Perilous Antipode
40%
ToRoMW Tower of Rain on My World
40%
ToRB Tower of Rushed Building
40%
ToTB Tower of Terrifying Beauty
40%
ToTDA Tower of The Dripping Amalgam
40%
ToYV Tower of Yearning Victory
40%
ToZD Tower of Zero Disturbances
40%
CoACT Citadel of A Cruel Tale
30%
CoCHS Citadel of Constant Heart Stopping
30%
CoCR Citadel of Contrasting Regions
30%
CoOTWI Citadel of Overcoming The World's Imperfections
30%
CoPE Citadel of Pyramid Escapades
30%
SoAR Steeple of Aquatic Rallies
30%
SoBCM Steeple of Bad Cable Management
30%
SoBC Steeple of Balloon Commune
30%
SoD Steeple of Descendance
30%
SoFF Steeple of Feudal Foliage
30%
SoII Steeple of Involuntary Isolation
30%
SoLIQ Steeple of Lost in Quiescence
30%
SoMM Steeple of Mystical Marine
30%
SoRO Steeple of Realm Odyssey
30%
SoW Steeple of Waterfall
30%
SoWG Steeple of Wicked Grotto
30%
ToAA Tower of Aamos' Anger
30%
ToADF Tower of A Depressing Future
30%
ToBB Tower of Broken Bricks
30%
ToCBTS Tower of Calm Before The Storm
30%
ToCOF Tower of Client Object Frenzy
30%
ToCaV Tower of Complexity and Volatility
30%
ToCWC Tower of Corner Wedge Climbing
30%
ToDDD Tower of Dance Dance Destruction
30%
ToEP Tower of Environmental Pain
30%
ToEW Tower of Excessive Weirdness
30%
ToEA Tower of Extraordinary Adventures
30%
ToED Tower of Extreme Dystopia
30%
ToFFEE Tower of Fleeing From Everything Ending
30%
ToFF Tower of Floral Fury
30%
ToFZ Tower of Fruity Zeal
30%
ToGK Tower of Geometric Kinetics
30%
ToGLA Tower of Ground Level Ascension
30%
ToHR Tower of Hollow Reformations
30%
ToHWH Tower of House Without Home
30%
ToIA Tower of Icy Adventures
30%
ToJ Tower of Jazz
30%
ToLLL Tower of Largely Limited Luminance
30%
ToLR Tower of Lethean Recollection
30%
ToLOZ Tower of Losing Our Zeal
30%
ToMT Tower of Mean Tasks
30%
ToMM Tower of Micro Management
30%
ToMH Tower of Mirrored Hecc
30%
ToNED Tower of Never Ending Dizziness
30%
ToNGUE Tower of Never Giving Up, Ever
30%
ToNV Tower of Nice Views
30%
ToNP Tower of Nonsensical Platforms
30%
ToNN Tower of Nothing New
30%
ToOC Tower of Obvious Chaos
30%
ToOTTF Tower of One Two Three Four
30%
ToOOO Tower of Orientating Oscillating Opinions
30%
ToOV Tower of Overbearing Vertigo
30%
ToQT Tower of Questionable Trials
30%
ToRT Tower of Raging Tempest
30%
ToRH Tower of Rhythm Heaven
30%
ToRS Tower of Rigid Success
30%
ToRER Tower of Rough Endoplasmic Reticulum
30%
ToSFU Tower of Six Feet Under
30%
ToSA Tower of Slanted Anticipation
30%
ToSSS Tower of Somewhat Simple Scaling
30%
ToSaT Tower of Steel and Thunder
30%
ToSM Tower of Strategic Mechanics
30%
ToTR Tower of Trivial Resentment
30%
ToTST Tower of Two Sided Troubles
30%
ToVR Tower of Venomous Resonance
30%
ToVE Tower of Verdant Entropy
30%
ToVT Tower of Viaduct Traversing
30%
ToWMT Tower of Wanting More Time
30%
ToWaW Tower of Witchcraft and Wizardry
30%
ToX Tower of Xanthophobia
30%
ToYS Tower of Yearning Success
30%
ToYLFW Tower of You're Late For Work
30%
ToZA Tower of Zany Architecture
30%
CoTS Citadel of Tricky Situations
20%
CoTE Citadel of True Exasperation
20%
CoTaW Citadel of Twists and Weirdness
20%
SoALD Steeple of After-Life Detention
20%
SoAS Steeple of Astounding Sorcery
20%
SoAP Steeple of Atmospheric Powers
20%
SoBT Steeple of Biome Traversing
20%
SoIB Steeple of Itsy Bitsy
20%
SoMC Steeple of Magical Collaborations
20%
SoRA Steeple of Ruinous Abate
20%
SoSIS Steeple of Sunny Island Shenanigans
20%
SoTMN Steeple of Two Minute Noodles
20%
SoWC Steeple of Witch Calamity
20%
SoXA Steeple of Xenial Abyss
20%
ToABCD Tower of Arrantly Bodeful Cavern Depths
20%
ToBL Tower of Bonus Level
20%
ToCIAD Tower of Call It A Day
20%
ToCS Tower of Compact Spaces
20%
ToCMC Tower of Cone Mesh Climbing
20%
ToCO Tower of Contractual Obligations
20%
ToCT Tower of Cosmic Tides
20%
ToCCC Tower of Cracked, Crushed Cubes
20%
ToCaUP Tower of Cruel and Unusual Punishment
20%
ToDR Tower of Dispersed Rooms
20%
ToDA Tower of Distorted Aerodynamics
20%
ToDaC Tower of Dreams and Caverns
20%
ToEC Tower of Eye Candy
20%
ToFSC Tower of Fairly Simple Challenges
20%
ToFP Tower of Fixture Park
20%
ToFS Tower of Flustering Sections
20%
ToFH Tower of Fly High
20%
ToFD Tower of Foreign Domains
20%
ToFSF Tower of Forever-Sleeping Flower
20%
ToFM Tower of Fractured Memories
20%
ToFO Tower of Fractured Obstacles
20%
ToFaST Tower of Fun and Simple Trials
20%
ToFG Tower of Funky Grooves
20%
ToGO Tower of Great Overcomings
20%
ToHS Tower of Hands Sweating
20%
ToHK Tower of Heiwana Kaze
20%
ToHP Tower of High Power
20%
ToIO Tower of Infuriating Obstacles
20%
ToIII Tower of Insanely Innovative Ideas
20%
ToISC Tower of Intense Solar Chaos
20%
ToLS Tower of Latest Sensation
20%
ToMN Tower of Mach Nine
20%
ToMD Tower of Mechanical Disarray
20%
ToMIT Tower of Melons In Time
20%
ToNBA Tower of Needing Basic Aptitude
20%
ToOO Tower of Odd Odyssey
20%
ToPC Tower of Pure Chroma
20%
ToPLA Tower of Pursuit Led Astray
20%
ToQR Tower of Quantum Rhythm
20%
ToRR Tower of Radiant Realms
20%
ToRNI Tower of Really Nasty Ideas
20%
ToRC Tower of Rock Climbing
20%
ToRW Tower of Rough Waters
20%
ToSW Tower of Shallow Waters
20%
ToSRD Tower of Sugar Rush Deluxe
20%
ToSL Tower of Sunshower Lambent
20%
ToTD Tower of Tenebrous Depths
20%
ToTFC Tower of Ten Floors Challenge
20%
ToTV Tower of Tornado Vehemence
20%
ToTT Tower of Triangular Terror
20%
ToTI Tower of Twisted Inquisition
20%
ToUT Tower of Ultimately Terrifying
20%
ToUA Tower of Uncanny Agony
20%
ToUID Tower of Up Is Down
20%
ToWEL Tower of Wanting Extra Levels
20%
ToW Tower of Watts
20%
ToWE Tower of Weird Energy
20%
ToWoW Tower of Whirl of Winds
20%
ToWIA Tower of Whisking It All
20%
ToXM Tower of X Madness
20%
ToY Tower of Yore
20%
CoCE Citadel of Corporate Enterprise
10%
CoIC Citadel of Increasing Claustrophobia
10%
SoAU Steeple of Abyssal Upturn
10%
SoCV Steeple of Cheesy Vengeance
10%
SoCF Steeple of Cliffside Falls
10%
SoCA Steeple of Crystal Ascension
10%
SoDI Steeple of Desolate Isles
10%
SoDR Steeple of Dungeon Runner
10%
SoDD Steeple of Dusty Dunes
10%
SoFB Steeple of Forlorn Blizzard
10%
SoGL Steeple of Guiding Lights
10%
SoHS Steeple of Hallucinatory Spectacles
10%
SoME Steeple of Magical Elements
10%
SoSK Steeple of Sunken Kingdoms
10%
SoTMM Steeple of The Manufactured Monstrosity
10%
SoTC Steeple of Twisted Crystals
10%
SoUB Steeple of Underlying Breezes
10%
SoUV Steeple of Undersea Voyage
10%
SoUC Steeple of Upright Cliffs
10%
ToAV Tower of Absolute Vexation
10%
ToADE Tower of A Disillusioned Existence
10%
ToAS Tower of Angled Scenery
10%
ToAO Tower of Anticlimactic Outcomes
10%
ToAC Tower of Aquatic Contemplation
10%
ToAZ Tower of Arcanium Zenturing
10%
ToATD Tower of A Tetromino Disaster
10%
ToBBBB Tower of Big Blocky Beefy Buttons
10%
ToBIBI Tower of Break It, Buy It
10%
ToBC Tower of Brief Challenges
10%
ToBS Tower of Bright Scenery
10%
ToBaBT Tower of Brutal and Bizarre Torment
10%
ToBR Tower of Bygone Relic
10%
ToCM Tower of Chaotic Moments
10%
ToCZ Tower of Clandestine Zones
10%
ToCB Tower of Climactic Beats
10%
ToCaS Tower of Cogs and Steam
10%
ToCC Tower of Collective Collaboration
10%
ToCF Tower of Conflicting Frontiers
10%
ToCI Tower of Cyclonic Isles
10%
ToDF Tower of Destructive Fever
10%
ToDH Tower of Dimensional Hopping
10%
ToDL Tower of Diverging Layers
10%
ToDM Tower of Downward Mobility
10%
ToDTD Tower of Dusk To Dawn
10%
ToET Tower of Elevator Travelling
10%
ToETU Tower of Expecting The Unexpected
10%
ToEE Tower of Extraterrestrial Enchantment
10%
ToFU Tower of Falling Up
10%
ToFL Tower of Feeling Lazy
10%
ToFR Tower of Flame Restoration
10%
ToFV Tower of Fractal Volution
10%
ToFCB Tower of Furious Chicken Brawl
10%
ToGV Tower of Galactic Voyage
10%
ToGD Tower of Great Displeasure
10%
ToGT Tower of Guided Trials
10%
ToHL Tower of Hazardous Laddering
10%
ToHM Tower of Hefty Magnitude
10%
ToHE Tower of Horrifying Experiences
10%
ToIR Tower of Infiltrated Ruins
10%
ToIT Tower of Interstellar Terrarium
10%
ToML Tower of Manic Lows
10%
ToMO Tower of Massive Overheating
10%
ToMIM Tower of Mechanically Induced Mayhem
10%
ToMC Tower of Menacing Creations
10%
ToMA Tower of Mild Agitation
10%
ToMF Tower of Minus Facility
10%
ToNEF Tower of Never Ending Fun
10%
ToNR Tower of No Return
10%
ToON Tower of One Nine
10%
ToPF Tower of Pleasant Fantasies
10%
ToPL Tower of Power Laws
10%
ToPI Tower of Prismatic Instability
10%
ToQC Tower of Quirky Contraptions
10%
ToRCH Tower of Requiring Critical Help
10%
ToRL Tower of Resonant Landscapes
10%
ToSR Tower of Shadowy Radiance
10%
ToSS Tower of Shifting Slopes
10%
ToSaS Tower of Slipping and Sliding
10%
ToST Tower of Sovereign Travelling
10%
ToSTS Tower of Stairs To Spare
10%
ToSSSS Tower of Super Stupid Security Systems
10%
ToSV Tower of Sweet Victory
10%
ToSaPS Tower of Swift and Precise Sections
10%
ToTDF Tower of The Despondent Fortress
10%
ToTaSM Tower of Time and Space Manipulation
10%
ToTTT Tower of Traversing The Tropics
10%
ToTA Tower of Troublesome Adventures
10%
ToUI Tower of Uncontrollable Ire
10%
ToUD Tower of Unearthed Discoveries
10%
ToUS Tower of Uneasy Scaling
10%
ToUE Tower of Unhealthy Escalation
10%
ToVV Tower of Valiant Verges
10%
ToVA Tower of Vibrant Adventures
10%
ToVF Tower of Voluminous Framework
10%
ToVITE Tower of Voyaging Into The Earth
10%
ToWR Tower of Warranted Retribution
10%
ToWS Tower of White Space
10%
ToWW Tower of Wicked Wedges
10%
ToCE Tower of Cylindrical Extensions
0%
ToGM Tower of Growing Madness
0%
No matching quizzes found
Score Distribution
Percent of People with Each Score
Percentile by Number Answered
Your Score History
You have not taken this quiz